| 000 | 01108cam a22002535a 4500 | ||
|---|---|---|---|
| 001 | L138139 | ||
| 008 | 070518e2005 xxk f 100 0 eng d | ||
| 035 | _a(Sirsi) u138139 | ||
| 041 | 0 | _aeng | |
| 100 | 1 | _aChan, A.P.C. | |
| 245 | 0 | 0 |
_aProject partnering in Hong Kong _ba case study of a prestigious office development project _h[electronic resource] |
| 260 | _c2005 | ||
| 490 | 0 |
_aCOBRA _v2005 |
|
| 520 | _aDiscusses the development of partnering culture in the private sector of Hong Kong. The partnering approach and process is examined through a case study of a prestigious office development project in Hong Kong. | ||
| 651 | 4 | _aHONG KONG | |
| 690 | _aPROPERTY-COMMERCIAL PROPERTY-COMMERCIAL PROPERTY DEVELOPMENT | ||
| 700 | 1 | _aChan, D.W.M. | |
| 700 | 1 | _aFan, L.C.N. | |
| 700 | 1 | _aLam, Patrick T.I. | |
| 700 | 1 | _aYeung, John F.Y. | |
| 711 | 2 |
_aConstruction and Building Research Conference _cUniversity of Queensland, Brisbane _d4-5 July 2005 |
|
| 856 | 4 | 0 |
_uhttps://www.rics.org/site/scripts/download_info.aspx?downloadID=2560 _zView the item free of charge at www.rics.org... |
| 942 | _n0 | ||
| 999 |
_c107020 _d107020 |
||